000 01067nam0a2200301 4500
001 RU\NLR\BIBL_A\012325200
005 20250624015410.0
035 _a(NLR Aleph) 012325200
090 _a11442059
_c11442059
100 _a20200901d1932 |||y0rusy50 ca
101 0 _aady
102 _aRU
105 _aa z 000 y
181 0 _ai
_baxxe
182 0 _an
200 1 _aШкIакIэмэ япIун
_fФ. Г. Сохранов
_gзэзыдзэкIыгъэр Лъэустэн Ю.
203 _aТекст
_bвизуальный
_cнепосредственный
210 _aКраснодар
_cАдыгэхэкутхылътедз
_d1932
215 _a41 с.
_cил., табл.
_d21
300 _aЛатин. графика
541 1 _aВоспитание телят
_zrus
606 1 _aТелята
_xВыращивание
_91750824
_3RU\NLR\AUTH\661079925
686 1 _aП60-4
700 1 _aСохранов
_bФ.Г.
_gФедор Григорьевич
_4070
852 _aNLR
_bОНЛ
_jАдыг./3-48
942 _cBOOK
980 _aNB